|
|
|
|
| LEADER |
00000cam a22000004a 4500 |
| 001 |
musev2_87461 |
| 003 |
MdBmJHUP |
| 005 |
20230905052938.0 |
| 006 |
m o d |
| 007 |
cr||||||||nn|n |
| 008 |
150518s2015 dcu o 00 0 eng d |
| 010 |
|
|
|z 2015011247
|
| 020 |
|
|
|a 9780870034305
|
| 020 |
|
|
|z 9780870034299
|
| 035 |
|
|
|a (OCoLC)919612383
|
| 040 |
|
|
|a MdBmJHUP
|c MdBmJHUP
|
| 043 |
|
|
|a a------
|a aw-----
|a f------
|a cl-----
|
| 050 |
0 |
4 |
|a JC423
|b .Y696 2015
|
| 082 |
0 |
|
|a 321.8
|2 23
|
| 100 |
1 |
|
|a Youngs, Richard,
|d 1968-
|
| 245 |
1 |
4 |
|a The Puzzle of Non-Western Democracy /
|c Richard Youngs.
|
| 264 |
|
1 |
|a Washington, DC :
|b Carnegie Endowment for International Peace,
|c 2015.
|
| 264 |
|
3 |
|a Baltimore, Md. :
|b Project MUSE,
|c 2022
|
| 264 |
|
4 |
|c ©2015.
|
| 300 |
|
|
|a 1 online resource (240 pages).
|
| 336 |
|
|
|a text
|b txt
|2 rdacontent
|
| 337 |
|
|
|a computer
|b c
|2 rdamedia
|
| 338 |
|
|
|a online resource
|b cr
|2 rdacarrier
|
| 504 |
|
|
|a Includes bibliographical references and index.
|
| 505 |
0 |
|
|a Introduction -- Calls for non-western democracy -- Regional models and trends -- Problems with the notion of non-western democracy -- The democratic variation debate -- A template for democratic variation -- Implications for international democracy support -- Conclusions.
|
| 588 |
|
|
|a Description based on print version record.
|
| 650 |
|
0 |
|a Democratization
|z International cooperation.
|
| 650 |
|
0 |
|a Democracy
|z Latin America.
|
| 650 |
|
0 |
|a Democracy
|z Africa.
|
| 650 |
|
0 |
|a Democracy
|z Middle East.
|
| 650 |
|
0 |
|a Democracy
|z Asia.
|
| 650 |
|
0 |
|a Democracy
|v Cross-cultural studies.
|
| 655 |
|
7 |
|a Electronic books.
|2 local
|
| 710 |
2 |
|
|a Project Muse.
|e distributor
|
| 830 |
|
0 |
|a Book collections on Project MUSE.
|
| 856 |
4 |
0 |
|z Texto completo
|u https://projectmuse.uam.elogim.com/book/87461/
|
| 945 |
|
|
|a Project MUSE - Custom Collection
|